01000nam a2200277 a 450000100060000000300080000600500170001400800410003102000320007203500190010404000270012304100080015008200270015810000410018524500650022625000120029126000310030330000330033450000400036750400510040765000360045870000270049494200120052199900170053395201720055066256BD-RjUL20211209081521.0170315s1995 nyua b 001 0 eng  a0471542873 (acidfree paper) a(BD-RjUL)66386 aDLCcDLCdBD-RjULbeng aeng00a621.3827223bGAO 19951 aGagliardi, Robert M.,d1934-919609110aOptical communications /cRobert M. Gagliardi, Sherman Karp. a2nd ed. aNew York :bWiley,cc1995. axv, 347 p. :bill. ;c25 cm. a"A Wiley-Interscience publication." aIncludes bibliographical references and index. 0aOptical communications.91960851 aKarp, Sherman.9196092 2ddccBK c66256d66256 00102ddc40718NFICaRUCLbRUCLcReadingd1998-04-27eDhaka, Ahsania mission book dis. home.g2848.05l0o621.3827 GAO 1995r2017-03-15 00:00:00tC-1w2017-03-15yBK